| 000 | 00666nam a2200205 a 4500 | ||
|---|---|---|---|
| 001 | 000021427 | ||
| 005 | 20200930011326.0 | ||
| 008 | 100907s1992 mx 000 0 spa d | ||
| 020 | _a9686599290 | ||
| 040 |
_aDO-SdBNP _bspa _cBNPHU |
||
| 082 |
_axxx _bH921t |
||
| 100 | 1 |
_aHume, David _944715 |
|
| 240 | 1 | 0 |
_aA treatise of human nature _lIngles |
| 245 | 1 | 0 |
_aTratado de la naturaleza humana / _cDavid Hume; edición, María Elsa López Paniagua. |
| 260 |
_aMéxico : _bGernika, _c1992. |
||
| 300 |
_at. ; _c17 cm. |
||
| 490 | 1 | _aClásicos Ciencias Políticas | |
| 700 | 1 |
_aLópez Paniagua, María Elsa _eed. _944716 |
|
| 830 | 0 |
_aClásicos ciencias políticas _944717 |
|
| 999 |
_c20927 _d20927 |
||